000 00749nam a2200217 i 4500
001 60734
003 ES-MaACL
005 20250902103425.0
007 t|
008 031106s1955 sp ||||1| spa d
100 1 _aEspinosa León, Eduardo.
_947915
245 1 0 _aVisión panorámica del Perú /
_cpor Eduardo Espinosa León.
260 _aMadrid :
_b[s.n.],
_c1955 (
_fS. Aguirre Torre)
300 _a21 p. ;
_c24 cm.
490 1 _aPublicaciones de la Real Sociedad Geográfica. Serie B ;
_v352
651 4 _aPerú-
_xDescripción.
_9157224
710 2 _aReal Sociedad Geográfica
_96403
830 1 _aPublicaciones de la Real Sociedad Geográfica. Serie B ;
_v352
_9182685
852 _aES-MaACL
_j1977-F-4
999 _c60734
_d60734